[Event "V C.to Italiano U20"]
[Site "Laveno-Mombello ITA"]
[Date "1997.07.24"]
[Round "6"]
[White "Tomba, Ivan"]
[Black "Sgnaolin, Davide"]
[Result "1-0"]
[WhiteElo "1705"]
[BlackElo "2055"]
[PlyCount "123"]
[EventDate "1997.07.19"]

1. e4 c5 2. Nf3 Nc6 3. d4 cxd4 4. Nxd4 g6 5. Nc3 Bg7 6. Be3 Nf6 7. f3 O-O 8.
Bc4 Qb6 9. Bb3 Nxe4 10. Nd5 Qa5+ 11. c3 Nc5 12. Nxc6 dxc6 13. Nxe7+ Kh8 14.
Nxc8 Raxc8 15. O-O Rcd8 16. Qc2 Rfe8 17. Rfe1 Nd3 18. Re2 Ne5 19. Bd4 Qc7 20.
Rae1 c5 21. Bf2 Rf8 22. Bg3 f6 23. f4 c4 24. fxe5 cxb3 25. e6 bxc2 26. Bxc7 Rd1
27. Bf4 Re8 28. Kf1 Kg8 29. Bc1 f5 30. Rxc2 Rxe1+ 31. Kxe1 Rxe6+ 32. Re2 Kf7
33. Kf2 b5 34. Be3 a6 35. Bc5 Rxe2+ 36. Kxe2 Ke6 37. Kd3 Kd5 38. Be3 Be5 39. g3
Bf6 40. b3 h5 41. h4 Be5 42. Bf4 Bf6 43. a4 bxa4 44. bxa4 Bg7 45. c4+ Kc5 46.
Be3+ Kb4 47. c5 Be5 48. c6 Bxg3 49. Bb6 Kxa4 50. Kc4 Bf4 51. c7 Bxc7 52. Bxc7
Ka3 53. Kd5 Kb4 54. Ke5 Kc5 55. Kf6 Kc6 56. Bf4 Kd5 57. Kxg6 Ke4 58. Kg5 a5 59.
Bc1 a4 60. Kxh5 f4 61. Kg4 f3 62. Kg3 1-0

[Event "V C.to Italiano U20"]
[Site "Laveno-Mombello ITA"]
[Date "1997.07.25"]
[Round "7"]
[White "Aranovitch, Emiliano"]
[Black "Aldrovandi, Costantino"]
[Result "0-1"]
[WhiteElo "2120"]
[BlackElo "2250"]
[PlyCount "96"]
[EventDate "1997.07.19"]

1. e4 c5 2. Nc3 Nc6 3. g3 g6 4. d3 Bg7 5. Be3 d6 6. Bg2 e6 7. Qd2 Nd4 8. f4 Ne7
9. Nh3 O-O 10. O-O Rb8 11. Rae1 Bd7 12. e5 Bc6 13. Ne4 Bxe4 14. dxe4 dxe5 15.
c3 Ndc6 16. Qxd8 Rbxd8 17. Bxc5 Rd2 18. Rf2 Rd7 19. Bf1 Rfd8 20. Bb5 exf4 21.
gxf4 Bf8 22. Be3 h6 23. Ree2 Nc8 24. f5 exf5 25. exf5 g5 26. Rd2 Nd6 27. Bf1
Ne4 28. Rxd7 Rxd7 29. Re2 Rd5 30. Re1 Nd6 31. Bg2 Ra5 32. a3 Nxf5 33. Bf2 Bc5
34. Bxc5 Rxc5 35. Re8+ Kg7 36. Rc8 Ne3 37. Bf3 g4 38. Bxc6 Rxc6 39. Rxc6 bxc6
40. Nf4 Nc4 41. Nd3 Kf6 42. Kf2 Kf5 43. a4 h5 44. b3 Nd2 45. b4 Ne4+ 46. Ke3
Nxc3 47. b5 cxb5 48. axb5 Nxb5 0-1

[Event "V C.to Italiano U20"]
[Site "Laveno-Mombello ITA"]
[Date "1997.07.25"]
[Round "7"]
[White "Barbiso, Tiziana"]
[Black "Tomba, Ivan"]
[Result "0-1"]
[WhiteElo "1717"]
[BlackElo "1705"]
[PlyCount "51"]
[EventDate "1997.07.19"]

1. e4 c5 2. c3 d5 3. d3 Nc6 4. Nd2 Nf6 5. Ngf3 Bg4 6. Qc2 e6 7. Be2 Be7 8. O-O
O-O 9. h3 Bh5 10. g4 Bg6 11. Nh4 Qc7 12. Nxg6 hxg6 13. f4 g5 14. Nb1 c4 15. e5
cxd3 16. Bxd3 Nd7 17. fxg5 Ndxe5 18. Kh1 Rac8 19. Qe2 Nxd3 20. Qxd3 Ne5 21. Qe2
Nc4 22. b3 Ne5 23. Bf4 Bd6 24. Bd2 Qc6 25. Qg2 Ng6 26. Qf2 0-1

[Event "V C.to Italiano U20"]
[Site "Laveno-Mombello ITA"]
[Date "1997.07.25"]
[Round "7"]
[White "Coratella, Giuseppe"]
[Black "Cacco, Christian"]
[Result "1/2-1/2"]
[WhiteElo "1726"]
[BlackElo "2175"]
[PlyCount "116"]
[EventDate "1997.07.19"]

1. e4 g6 2. d4 Bg7 3. Nf3 d6 4. Bc4 Nf6 5. Qe2 O-O 6. Nc3 Nc6 7. h3 e5 8. Be3
exd4 9. Nxd4 Re8 10. Nxc6 bxc6 11. Qf3 Be6 12. Bb3 Nd7 13. O-O a5 14. Rad1 Qe7
15. Bd4 Bxd4 16. Rxd4 Ne5 17. Qg3 Qf6 18. Ra4 Nd7 19. Qe3 Nb6 20. Rd4 c5 21.
Rdd1 a4 22. Bxe6 Rxe6 23. Qd3 Qh4 24. f4 c4 25. Qd4 a3 26. b3 cxb3 27. cxb3
Rae8 28. Rf3 Nd7 29. Qa7 Nc5 30. e5 Qe7 31. Nd5 Qd8 32. Nf6+ Rxf6 33. exf6 Qxf6
34. Qxc7 Ne6 35. Qc3 Qf5 36. Qd3 Qf6 37. b4 Nxf4 38. Qxd6 Ne2+ 39. Kh2 Qb2 40.
Qd5 Rf8 41. b5 Nc3 42. Rxc3 Qxc3 43. b6 Rb8 44. Rd3 Qf6 45. b7 Qf4+ 46. Kg1
Qc1+ 47. Rd1 Qe3+ 48. Kh1 Qb6 49. Re1 Rxb7 50. Re8+ Kg7 51. Qe5+ f6 52. Re7+
Rxe7 53. Qxe7+ Kh6 54. Qxa3 Qb1+ 55. Kh2 Qb8+ 56. Qg3 Qa7 57. Qf4+ Kg7 58. a4
g5 1/2-1/2

[Event "V C.to Italiano U20"]
[Site "Laveno-Mombello ITA"]
[Date "1997.07.25"]
[Round "7"]
[White "Drabke, Lorenz Maximilian"]
[Black "Arnetta, Marianna"]
[Result "1-0"]
[WhiteElo "1681"]
[BlackElo "1642"]
[PlyCount "73"]
[EventDate "1997.07.19"]

1. e4 e6 2. Qe2 d5 3. exd5 Qxd5 4. Nc3 Qd8 5. Nf3 Nf6 6. d4 c5 7. Be3 cxd4 8.
O-O-O Qa5 9. Nxd4 Bd7 10. Ndb5 a6 11. Nd6+ Bxd6 12. Rxd6 O-O 13. Qd2 Bc6 14.
Rg1 Nd5 15. Nxd5 Qxd2+ 16. Kxd2 Bxd5 17. c4 Bc6 18. Kc3 Nd7 19. Be2 Nf6 20. f3
Rfd8 21. Rgd1 Rxd6 22. Rxd6 Kf8 23. b4 Ke7 24. Bc5 Ke8 25. Bd4 Ke7 26. Bc5 Ke8
27. Rd2 Rd8 28. Bd4 Ke7 29. Bxf6+ gxf6 30. Rxd8 Kxd8 31. b5 axb5 32. cxb5 Bd5
33. Bc4 Bxc4 34. Kxc4 Kc7 35. a4 b6 36. g4 h6 37. h3 1-0

[Event "V C.to Italiano U20"]
[Site "Laveno-Mombello ITA"]
[Date "1997.07.25"]
[Round "7"]
[White "Ferreri, Giuseppe"]
[Black "Pavanello, Diego"]
[Result "0-1"]
[WhiteElo "1600"]
[BlackElo "1600"]
[PlyCount "106"]
[EventDate "1997.07.19"]

1. e4 c6 2. d4 d5 3. exd5 cxd5 4. c4 Nf6 5. Nc3 Nc6 6. cxd5 Nxd5 7. Nf3 e6 8.
Bc4 Nb6 9. Bb3 Be7 10. d5 exd5 11. Nxd5 Nxd5 12. Qxd5 O-O 13. Qxd8 Bxd8 14. O-O
Bf6 15. Re1 Bf5 16. Re2 Bg4 17. Be3 Rad8 18. h3 Bh5 19. g4 Bg6 20. Ne1 Nd4 21.
Bxd4 Rxd4 22. Nc2 Rd3 23. Ne3 Re8 24. Rd1 Rxd1+ 25. Bxd1 Kf8 26. Bc2 Bxc2 27.
Rxc2 g6 28. b3 Bd4 29. Rc7 Bxe3 30. fxe3 Re7 31. Rc8+ Kg7 32. Kf2 Kf6 33. Kf3
Kg5 34. Rc2 Kh4 35. Rh2 Re6 36. Rh1 Rf6+ 37. Kg2 Rd6 38. Kf3 Rd2 39. Ra1 Rh2
40. a4 Rxh3+ 41. Kf4 g5+ 42. Ke4 Kxg4 43. Rd1 f5+ 44. Kd4 h5 45. Rc1 h4 46. Rc7
Rh1 47. Rxb7 h3 48. Rxa7 h2 49. Rh7 Rd1+ 50. Kc4 h1=Q 51. Rxh1 Rxh1 52. b4 f4
53. a5 f3 0-1

[Event "V C.to Italiano U20"]
[Site "Laveno-Mombello ITA"]
[Date "1997.07.25"]
[Round "7"]
[White "Gandolfi, Valerio"]
[Black "Delfino, Luigi"]
[Result "0-1"]
[WhiteElo "1525"]
[BlackElo "1717"]
[PlyCount "80"]
[EventDate "1997.07.19"]

1. d4 Nf6 2. c4 e6 3. Nc3 Bb4 4. a3 Bxc3+ 5. bxc3 c5 6. Nf3 O-O 7. e3 d6 8. Bd3
b6 9. e4 h6 10. h3 Nc6 11. O-O Qe7 12. d5 Na5 13. Nd2 Ba6 14. Qf3 Nd7 15. Qg3
Ne5 16. f4 Nxd3 17. Qxd3 exd5 18. Qxd5 Qe6 19. Qh5 Nxc4 20. f5 Qf6 21. Nxc4
Bxc4 22. Rf4 Qxc3 23. Rb1 Qe1+ 24. Kh2 Be2 25. Rg4 Bxg4 26. Qxg4 h5 27. Qxh5
Qxe4 28. Bb2 f6 29. Rf1 Rae8 30. Rf3 Qe2 31. Bc1 Rf7 32. Qg6 d5 33. h4 Qc4 34.
Bf4 Re4 35. g3 Qe2+ 36. Kh3 Qxf3 37. h5 Rxf4 38. Kh2 Rxf5 39. g4 Re7 40. Qxf5
Re2+ 0-1

[Event "V C.to Italiano U20"]
[Site "Laveno-Mombello ITA"]
[Date "1997.07.25"]
[Round "7"]
[White "Genocchio, Daniele"]
[Black "Pagnoncelli, Marco"]
[Result "0-1"]
[WhiteElo "2215"]
[BlackElo "2090"]
[PlyCount "38"]
[EventDate "1997.07.19"]

1. e4 c5 2. Nf3 d6 3. c3 Nf6 4. h3 Nc6 5. Bd3 g6 6. O-O Bg7 7. Re1 e5 8. a4 O-O
9. Na3 Nh5 10. Rb1 Nf4 11. Bc4 g5 12. Nc2 Qf6 13. Bf1 g4 14. hxg4 Bxg4 15. Ne3
Nh3+ 16. gxh3 Bxf3 17. Qc2 Bh6 18. d3 Bxe3 19. Bxe3 Kh8 0-1

[Event "V C.to Italiano U20"]
[Site "Laveno-Mombello ITA"]
[Date "1997.07.25"]
[Round "7"]
[White "Goi, Veronika"]
[Black "Trentini, Danilo"]
[Result "0-1"]
[WhiteElo "1624"]
[BlackElo "1831"]
[PlyCount "90"]
[EventDate "1997.07.19"]

1. e4 c6 2. d4 d5 3. e5 Bf5 4. Nc3 e6 5. g4 Bg6 6. Nge2 Qh4 7. Nf4 Bb4 8. Bg2
c5 9. Be3 Nc6 10. h3 O-O-O 11. Qd2 cxd4 12. Bxd4 Be4 13. O-O-O Bxg2 14. Nxg2
Qe7 15. f4 Qc7 16. Qe3 Nxd4 17. Qxd4 Bxc3 18. Qxc3 Qxc3 19. bxc3 Ne7 20. Rhe1
Kb8 21. Ne3 Rc8 22. Kb2 h5 23. c4 hxg4 24. hxg4 Rh2 25. Kb1 dxc4 26. Rd7 Rc7
27. Rd8+ Rc8 28. Rd7 Rc7 29. Rd8+ Nc8 30. Rg8 g6 31. f5 gxf5 32. gxf5 Rh5 33.
fxe6 Rxe5 34. exf7 Rxf7 35. Rgg1 Rfe7 36. Ng2 Rxe1+ 37. Rxe1 Rxe1+ 38. Nxe1 Kc7
39. Kb2 Kc6 40. Nf3 Kd5 41. Kc3 Nd6 42. a4 Kc5 43. Nd2 b6 44. Nf3 Ne4+ 45. Kb2
Kb4 0-1

[Event "V C.to Italiano U20"]
[Site "Laveno-Mombello ITA"]
[Date "1997.07.25"]
[Round "7"]
[White "Noseda, Francesco"]
[Black "Lapiccirella, Mattia"]
[Result "1-0"]
[WhiteElo "1636"]
[BlackElo "1930"]
[PlyCount "53"]
[EventDate "1997.07.19"]

1. e4 c5 2. c3 e6 3. d4 b6 4. Nf3 Nf6 5. e5 Nd5 6. c4 Ne7 7. d5 d6 8. Bg5 h6 9.
Bh4 g5 10. Bg3 Ng6 11. Bd3 dxe5 12. Bxg6 fxg6 13. Nxe5 Bg7 14. Nc3 Qf6 15. Nb5
O-O 16. Nc7 Nd7 17. Nxd7 Bxd7 18. Nxa8 exd5 19. Nc7 Qxb2 20. O-O d4 21. Qb3 Qc3
22. Qxc3 dxc3 23. Rac1 Bf5 24. Nd5 c2 25. Ne7+ Kh8 26. Nxf5 gxf5 27. f3 1-0

[Event "V C.to Italiano U20"]
[Site "Laveno-Mombello ITA"]
[Date "1997.07.25"]
[Round "7"]
[White "Perrone, Giorgio"]
[Black "Scagliarini, Valentina"]
[Result "0-1"]
[WhiteElo "1609"]
[BlackElo "1642"]
[PlyCount "122"]
[EventDate "1997.07.19"]

1. e4 e6 2. Qe2 Be7 3. g3 d5 4. d3 dxe4 5. dxe4 Nf6 6. Bg2 c6 7. Nf3 Nbd7 8. e5
Nd5 9. c4 Bb4+ 10. Bd2 Bxd2+ 11. Nbxd2 Ne7 12. O-O Qc7 13. Rad1 O-O 14. Rfe1 b6
15. Nd4 Bb7 16. f4 a6 17. Ne4 c5 18. Nb3 Bxe4 19. Bxe4 Rad8 20. Rd3 b5 21. cxb5
c4 22. Rc3 Qb6+ 23. Kg2 cxb3 24. Rxb3 a5 25. g4 Ng6 26. Rf1 Nc5 27. Qe3 Rb8 28.
Rc3 Nxe4 29. Qxe4 Qxb5 30. Rb3 Qd5 31. Qxd5 exd5 32. Ra3 Rxb2+ 33. Kg3 Ra8 34.
Rd1 Rb5 35. Rad3 Rd8 36. R1d2 Kf8 37. h4 Rb1 38. h5 Ne7 39. f5 Rb5 40. a3 a4
41. Kf4 Rb3 42. f6 gxf6 43. exf6 Nc6 44. Rxd5 Rxd5 45. Rxd5 Rxa3 46. Rc5 Nd8
47. Rc8 Ke8 48. Kg5 Rf3 49. Ra8 a3 50. Kh6 Rxf6+ 51. Kxh7 Rf3 52. Kh6 Kd7 53.
g5 Ne6 54. g6 fxg6 55. Kxg6 Kd6 56. h6 Kc5 57. h7 Nf8+ 58. Kg7 Nxh7 59. Kxh7
Kb4 60. Rb8+ Kc3 61. Ra8 Kb2 0-1

[Event "V C.to Italiano U20"]
[Site "Laveno-Mombello ITA"]
[Date "1997.07.25"]
[Round "7"]
[White "Puliafito, Alberto"]
[Black "Sgnaolin, Davide"]
[Result "0-1"]
[WhiteElo "1531"]
[BlackElo "2055"]
[PlyCount "78"]
[EventDate "1997.07.19"]

1. c4 e6 2. e4 d5 3. exd5 exd5 4. d4 Nf6 5. Bg5 Be7 6. Nc3 c6 7. Nf3 O-O 8. Rc1
dxc4 9. Bxc4 Nbd7 10. a3 Nb6 11. Ba2 h6 12. Bh4 Bg4 13. Qd3 Nfd5 14. Bg3 g6 15.
Ne5 Bf5 16. Qd2 Kg7 17. h3 h5 18. Bh2 h4 19. Rg1 Re8 20. Kf1 Bg5 21. f4 Bf6 22.
Ne2 Qd6 23. g4 hxg3 24. Nxg3 Bxh3+ 25. Kf2 Bh4 26. Bb1 Nf6 27. Kf3 Qd5+ 28. Be4
Nxe4 29. Nxe4 Bf5 30. Qe3 f6 31. Rc5 Qxe4+ 32. Qxe4 Bxe4+ 33. Kxe4 fxe5 34.
fxe5 Rad8 35. Rd1 Rd5 36. Bg1 Rexe5+ 37. dxe5 Rxd1 38. Bd4 Rxd4+ 39. Kxd4 Bf2+
0-1

[Event "V C.to Italiano U20"]
[Site "Laveno-Mombello ITA"]
[Date "1997.07.25"]
[Round "7"]
[White "Vismara, Daniele"]
[Black "Punteri, Marco"]
[Result "0-1"]
[WhiteElo "2235"]
[BlackElo "1798"]
[PlyCount "79"]
[EventDate "1997.07.19"]

1. e4 g6 2. d4 Bg7 3. Nf3 c5 4. dxc5 Qa5+ 5. Bd2 Qxc5 6. Bc3 Nf6 7. Bd3 O-O 8.
O-O a6 9. a4 b6 10. Bd4 Qc7 11. Nc3 Nc6 12. Bxf6 exf6 13. Nd5 Qd8 14. c3 Bb7
15. Qb3 f5 16. exf5 Na5 17. Qa2 Rc8 18. fxg6 hxg6 19. Rfe1 Rc5 20. Ne7+ Kh7 21.
b4 Rh5 22. Be4 d5 23. Bd3 Nc4 24. Qc2 Qd6 25. Bxc4 dxc4 26. Rad1 Qf4 27. Re3
Bxf3 28. Rxf3 Qxh2+ 29. Kf1 Qh1+ 30. Ke2 Qxg2 31. Nd5 Re8+ 32. Ne3 Rhe5 33. Rd7
Kh8 34. Rdxf7 Bh6 35. Kd1 Bxe3 36. fxe3 Qxc2+ 37. Kxc2 Rxe3 38. Rxe3 Rxe3 39.
Rf8+ Kg7 40. Rb8 0-1

[Event "V C.to Italiano U20"]
[Site "Laveno-Mombello ITA"]
[Date "1997.07.26"]
[Round "8"]
[White "Arnetta, Marianna"]
[Black "Ferreri, Giuseppe"]
[Result "1-0"]
[WhiteElo "1642"]
[BlackElo "1600"]
[PlyCount "137"]
[EventDate "1997.07.19"]

1. d4 Nf6 2. c4 c5 3. d5 b5 4. Nf3 bxc4 5. e3 d6 6. Nc3 g6 7. Bxc4 Bg7 8. O-O
O-O 9. Re1 Nbd7 10. h3 Rb8 11. e4 Nb6 12. Bf1 Nfd7 13. Bf4 a6 14. Rb1 Qc7 15.
Qd2 Re8 16. Qe3 Bb7 17. g4 f6 18. h4 Ne5 19. Nxe5 fxe5 20. Bh6 Qd7 21. Be2 Rf8
22. Bxg7 Kxg7 23. b4 cxb4 24. Rxb4 Na8 25. Reb1 Rfc8 26. Qa7 Qd8 27. Rxb7 Rxb7
28. Rxb7 Rxc3 29. Rxe7+ Kf8 30. Rf7+ Ke8 31. Rxh7 Rc7 32. Rh8+ Ke7 33. Qxa8
Qxa8 34. Rxa8 Rc2 35. Bxa6 Rxa2 36. Bb7 Rb2 37. Bc6 Rb4 38. f3 Rb6 39. Ra7+ Kf8
40. Rd7 Rb3 41. Kg2 Rb2+ 42. Kg3 Rb1 43. Rxd6 Kf7 44. Re6 Rb3 45. Rxe5 Rb6 46.
Be8+ Kf8 47. Bxg6 Rxg6 48. Kf4 Kf7 49. h5 Rh6 50. Re6 Rh8 51. e5 Rd8 52. Rf6+
Kg7 53. h6+ Kh7 54. d6 Rd7 55. Kf5 Kh8 56. g5 Kh7 57. Ke6 Rd8 58. Rf7+ Kh8 59.
d7 Kg8 60. h7+ Kh8 61. Re7 Rxd7 62. Re8+ Kxh7 63. Kxd7 Kg6 64. f4 Kf5 65. Rf8+
Kg6 66. e6 Kg7 67. e7 Kh7 68. g6+ Kxg6 69. e8=Q+ 1-0

[Event "V C.to Italiano U20"]
[Site "Laveno-Mombello ITA"]
[Date "1997.07.26"]
[Round "8"]
[White "Bottino, Alexiei"]
[Black "Riccio, Eros"]
[Result "1/2-1/2"]
[WhiteElo "1714"]
[BlackElo "1735"]
[PlyCount "45"]
[EventDate "1997.07.19"]

1. e4 c6 2. d4 d5 3. Nc3 dxe4 4. Nxe4 Nd7 5. Nf3 Ndf6 6. Ng3 e6 7. Bd3 Bd6 8.
c3 Ne7 9. Qe2 Bd7 10. Ne5 h6 11. Bf4 Qc7 12. Ne4 Nxe4 13. Bxe4 O-O-O 14. Bd3
Rhf8 15. Bc2 c5 16. Nxd7 Qxd7 17. dxc5 Bxc5 18. O-O Bd6 19. Rfd1 Qc7 20. Bxd6
Rxd6 21. Rxd6 Qxd6 22. Rd1 Qb6 23. Qc4+ 1/2-1/2

[Event "V C.to Italiano U20"]
[Site "Laveno-Mombello ITA"]
[Date "1997.07.26"]
[Round "8"]
[White "Cacco, Christian"]
[Black "De Bortoli, Peter"]
[Result "0-1"]
[WhiteElo "2175"]
[BlackElo "2085"]
[PlyCount "94"]
[EventDate "1997.07.19"]

1. d4 Nf6 2. c4 e6 3. Nf3 Bb4+ 4. Bd2 Bxd2+ 5. Qxd2 d6 6. Nc3 Nbd7 7. e4 e5 8.
Be2 O-O 9. O-O Re8 10. Qc2 c6 11. Rfd1 Qe7 12. Bd3 Nf8 13. d5 Bg4 14. Be2 Ng6
15. h3 Bc8 16. Rdc1 c5 17. Nd1 Nf4 18. Bf1 h6 19. Ne3 g5 20. a3 Nh7 21. Kh2 h5
22. g3 Ng6 23. Nd2 Qf6 24. Kg1 Ne7 25. Qd1 Qh6 26. Bg2 Rf8 27. b4 b6 28. g4
hxg4 29. hxg4 Ng6 30. Ndf1 Nf6 31. Ng3 Nh4 32. f3 Kg7 33. Kf2 Rh8 34. Qa4 Bd7
35. Qb3 Rhd8 36. Rh1 Qg6 37. Rhc1 Kf8 38. Ra2 Ne8 39. Bf1 Ng7 40. Qd1 Qf6 41.
Bg2 Ke7 42. Bh1 Rh8 43. Bg2 Rh7 44. Qd2 Rah8 45. Rh1 Nxf3 46. Bxf3 Rxh1 47.
Nxh1 Rxh1 0-1

[Event "V C.to Italiano U20"]
[Site "Laveno-Mombello ITA"]
[Date "1997.07.26"]
[Round "8"]
[White "Delfino, Luigi"]
[Black "Scagliarini, Valentina"]
[Result "1-0"]
[WhiteElo "1717"]
[BlackElo "1642"]
[PlyCount "89"]
[EventDate "1997.07.19"]

1. d4 Nf6 2. c4 e5 3. dxe5 Ng4 4. Nf3 Bc5 5. e3 Nc6 6. Be2 Ngxe5 7. Nbd2 d6 8.
O-O Bf5 9. Nxe5 Nxe5 10. Nb3 Bb6 11. Nd4 Bd7 12. b3 O-O 13. Bb2 Qe7 14. Qc2
Rfe8 15. Rfe1 Ba5 16. Rf1 Rad8 17. Nf3 Bc6 18. Nd4 Bd7 19. Rad1 c6 20. Nf3 Bc7
21. Qc3 f6 22. Rd2 Be6 23. Ba3 Qf7 24. Nxe5 dxe5 25. Rfd1 h6 26. Bd3 b6 27. Bb1
g6 28. Rxd8 Rxd8 29. Rxd8+ Bxd8 30. Qd3 Bc7 31. Qxg6+ Qxg6 32. Bxg6 Kg7 33. Be4
Bd7 34. Kf1 Kf7 35. Ke2 Ke6 36. Bf8 h5 37. Bf3 Be8 38. Ba3 f5 39. Kd2 e4 40.
Bd1 Bxh2 41. g3 Kf6 42. Ke1 h4 43. Bd6 hxg3 44. fxg3 Bg1 45. Bf4 1-0

[Event "V C.to Italiano U20"]
[Site "Laveno-Mombello ITA"]
[Date "1997.07.26"]
[Round "8"]
[White "Lapiccirella, Mattia"]
[Black "Goi, Veronika"]
[Result "1-0"]
[WhiteElo "1930"]
[BlackElo "1624"]
[PlyCount "71"]
[EventDate "1997.07.19"]

1. d4 Nf6 2. Nf3 d6 3. c4 Nbd7 4. Nc3 e5 5. g3 c6 6. e4 Be7 7. Bg2 O-O 8. O-O
Re8 9. h3 Bf8 10. Qc2 Nb6 11. b3 Bd7 12. Bg5 h6 13. Be3 Qc8 14. Kh2 g5 15. dxe5
dxe5 16. c5 g4 17. Ng1 gxh3 18. Bf3 Bg4 19. cxb6 Bxf3 20. Nxf3 Ng4+ 21. Kh1
Nxe3 22. fxe3 Qg4 23. Nh2 Qg5 24. Qf2 Bg7 25. bxa7 Rf8 26. Rad1 Qe7 27. Rd2
Rxa7 28. Qf5 Qc5 29. Nd1 Qb4 30. Rdf2 b5 31. Ng4 Qd6 32. Qh5 f5 33. exf5 Qd5+
34. Kh2 Rfa8 35. Qg6 Rxa2 36. Nf6+ 1-0

[Event "V C.to Italiano U20"]
[Site "Laveno-Mombello ITA"]
[Date "1997.07.26"]
[Round "8"]
[White "Noseda, Francesco"]
[Black "Drabke, Lorenz Maximilian"]
[Result "1-0"]
[WhiteElo "1636"]
[BlackElo "1681"]
[PlyCount "45"]
[EventDate "1997.07.19"]

1. e4 c5 2. c3 d5 3. exd5 Qxd5 4. d4 cxd4 5. cxd4 Nc6 6. Nf3 Bg4 7. Nc3 Qd7 8.
d5 Bxf3 9. gxf3 O-O-O 10. dxc6 Qxc6 11. Qe2 e5 12. Bh3+ Kb8 13. O-O Qf6 14. Ne4
Qg6+ 15. Kh1 f5 16. Ng3 f4 17. Ne4 Nf6 18. Nxf6 gxf6 19. Bd2 Qc2 20. Rfc1 Qxb2
21. Qc4 Bh6 22. Qc7+ Ka8 23. Rab1 1-0

[Event "V C.to Italiano U20"]
[Site "Laveno-Mombello ITA"]
[Date "1997.07.26"]
[Round "8"]
[White "Pagnoncelli, Marco"]
[Black "Trentini, Danilo"]
[Result "1-0"]
[WhiteElo "2090"]
[BlackElo "1831"]
[PlyCount "57"]
[EventDate "1997.07.19"]

1. e4 c6 2. d4 d5 3. e5 Bf5 4. h4 h5 5. c4 e6 6. Nc3 Nd7 7. Nf3 Ne7 8. Bg5 dxc4
9. Bxc4 Qc7 10. O-O Nb6 11. Bb3 Ned5 12. Rc1 Qd7 13. a3 Nxc3 14. Rxc3 a5 15.
Re1 Nd5 16. Bxd5 Qxd5 17. Qb3 Qxb3 18. Rxb3 b5 19. Rc3 b4 20. Rce3 bxa3 21.
bxa3 Rb8 22. Rc1 Kd7 23. Nd2 g6 24. Rcc3 Rb6 25. Nc4 Ra6 26. Rb3 Kc7 27. f3 Bg7
28. Nd6 Rd8 29. Bxd8+ 1-0

[Event "V C.to Italiano U20"]
[Site "Laveno-Mombello ITA"]
[Date "1997.07.26"]
[Round "8"]
[White "Pavanello, Diego"]
[Black "Barbiso, Tiziana"]
[Result "1/2-1/2"]
[WhiteElo "1600"]
[BlackElo "1717"]
[PlyCount "49"]
[EventDate "1997.07.19"]

1. Nf3 d5 2. b3 Nf6 3. Bb2 c5 4. e3 Nc6 5. d4 cxd4 6. Nxd4 Nxd4 7. Qxd4 e6 8.
c4 Bd7 9. Nc3 dxc4 10. Bxc4 Bc6 11. Qxd8+ Rxd8 12. O-O Rd2 13. Bc1 Rd8 14. Nb5
a6 15. Nd4 Be4 16. a3 Bc5 17. Nf3 O-O 18. b4 Ba7 19. Be2 Rc8 20. Rd1 Rc2 21.
Rd2 Rfc8 22. Rxc2 Rxc2 23. Bd1 Rc8 24. Bb2 Nd5 25. Bb3 1/2-1/2

[Event "V C.to Italiano U20"]
[Site "Laveno-Mombello ITA"]
[Date "1997.07.26"]
[Round "8"]
[White "Puliafito, Alberto"]
[Black "Gandolfi, Valerio"]
[Result "1/2-1/2"]
[WhiteElo "1531"]
[BlackElo "1525"]
[PlyCount "117"]
[EventDate "1997.07.19"]

1. c4 e5 2. Nc3 Nf6 3. g3 Bc5 4. e3 O-O 5. Bg2 Re8 6. Nge2 Nc6 7. O-O d6 8. d4
Bb4 9. Bd2 e4 10. Qc2 Bf5 11. Nd5 Bxd2 12. Nxf6+ Qxf6 13. Qxd2 h5 14. Nf4 Qh6
15. Qe2 g6 16. a3 Kg7 17. Rac1 Rad8 18. Rc3 Ne7 19. d5 Ng8 20. Nh3 Nf6 21. f4
h4 22. Qe1 Rh8 23. gxh4 Qxh4 24. Qxh4 Rxh4 25. Nf2 Rdh8 26. h3 Kf8 27. b4 Ke7
28. Rd1 Rd8 29. Rd4 Kd7 30. a4 Rh5 31. Kf1 Re8 32. Ke1 g5 33. fxg5 Rxg5 34. Bf1
Bg6 35. Kd1 Rg1 36. Ke2 Bh5+ 37. Ke1 Bf3 38. Rc1 Reg8 39. Kd2 R1g7 40. Kc3 Kc8
41. a5 Kd7 42. Rb1 Kc8 43. Rb2 Kd7 44. Rb1 Kc8 45. Rb2 Kd7 46. Rdd2 Kc8 47. b5
Kd7 48. a6 b6 49. Rb3 Kc8 50. Rdb2 Kd7 51. h4 Rh8 52. Be2 Bxe2 53. Rxe2 Rxh4
54. Rb1 Rg2 55. Rbb2 Ke7 56. Nd1 Rg6 57. Rg2 Kf8 58. Rbf2 Kg7 59. Kd4 1/2-1/2

[Event "V C.to Italiano U20"]
[Site "Laveno-Mombello ITA"]
[Date "1997.07.26"]
[Round "8"]
[White "Punteri, Marco"]
[Black "Aldrovandi, Costantino"]
[Result "1-0"]
[WhiteElo "1798"]
[BlackElo "2250"]
[PlyCount "60"]
[EventDate "1997.07.19"]

1. d4 Nf6 2. c4 g6 3. Nc3 Bg7 4. e4 d6 5. f4 O-O 6. Nf3 c5 7. d5 e6 8. Be2 exd5
9. cxd5 Re8 10. e5 Nfd7 11. O-O dxe5 12. fxe5 Nxe5 13. Bf4 Qb6 14. Nxe5 Bxe5
15. Bxe5 Rxe5 16. Qd2 Bf5 17. Rad1 h5 18. g4 hxg4 19. Bxg4 c4+ 20. Kh1 Be4+ 21.
Nxe4 Rxe4 22. Bf3 Re8 23. d6 Nd7 24. Bd5 Rf8 25. Qg5 Kg7 26. Qe7 Qd8 27. Rxf7+
Rxf7 28. Qxf7+ Kh6 29. Rg1 Nf8 30. Qf4+ Kh7 1-0

[Event "V C.to Italiano U20"]
[Site "Laveno-Mombello ITA"]
[Date "1997.07.26"]
[Round "8"]
[White "Sgnaolin, Davide"]
[Black "Genocchio, Daniele"]
[Result "0-1"]
[WhiteElo "2055"]
[BlackElo "2215"]
[PlyCount "86"]
[EventDate "1997.07.19"]

1. e4 c5 2. Nf3 d6 3. d4 cxd4 4. Nxd4 Nf6 5. Nc3 Nc6 6. Nde2 g6 7. h3 Bg7 8. g3
O-O 9. Bg2 Rb8 10. O-O b5 11. Nd5 b4 12. Nef4 Nd7 13. Nd3 Re8 14. a3 bxa3 15.
Rxa3 a5 16. b3 Nd4 17. Bd2 Ra8 18. c4 e6 19. Nc3 Bb7 20. Na4 Qc7 21. Bc3 Nc5
22. Naxc5 dxc5 23. e5 Bxg2 24. Kxg2 Qc6+ 25. f3 Nf5 26. Qe2 Bh6 27. Rfa1 Reb8
28. Rxa5 Rxa5 29. Rxa5 Rxb3 30. Rxc5 Qd7 31. Bb4 Rxd3 32. Qxd3 Qxd3 33. Rc8+
Bf8 34. Bxf8 Qe2+ 35. Kg1 Qe1+ 36. Kg2 Qxg3+ 37. Kf1 Qxf3+ 38. Ke1 h5 39. Be7+
Kh7 40. Bf6 Ng7 41. c5 Qe4+ 42. Kd1 Qa4+ 43. Ke1 g5 0-1

[Event "V C.to Italiano U20"]
[Site "Laveno-Mombello ITA"]
[Date "1997.07.26"]
[Round "8"]
[White "Tomba, Ivan"]
[Black "Aranovitch, Emiliano"]
[Result "1/2-1/2"]
[WhiteElo "1705"]
[BlackElo "2120"]
[PlyCount "71"]
[EventDate "1997.07.19"]

1. e4 g6 2. d4 Bg7 3. Nc3 d6 4. f4 Nf6 5. Nf3 c5 6. Bb5+ Nfd7 7. Be3 O-O 8. O-O
a6 9. Be2 Nc6 10. d5 Na5 11. a4 Nb6 12. Nd2 f5 13. e5 dxe5 14. Bxc5 e4 15. Ndb1
Nac4 16. b3 Nd6 17. Bd4 Bh6 18. Na3 Nf7 19. Be3 Nd7 20. Nc4 b6 21. d6 e6 22.
Qe1 Rb8 23. Qf2 Bg7 24. Bd4 e5 25. fxe5 Ndxe5 26. Rad1 b5 27. axb5 axb5 28.
Nxe5 Nxe5 29. Bxe5 Bxe5 30. Nxb5 Bd7 31. Qc5 Qb6 32. Qxb6 Rxb6 33. Rd5 Bxb5 34.
Bxb5 Bxd6 35. Rfd1 Bb4 36. c4 1/2-1/2

[Event "IV Festival A"]
[Site "Ischia ITA"]
[Date "1997.07.??"]
[Round "?"]
[White "Basciu, Simone"]
[Black "Calandri, Fausto"]
[Result "1/2-1/2"]
[WhiteElo "1816"]
[BlackElo "2105"]
[PlyCount "50"]
[EventDate "1997.07.10"]

1. d4 Nf6 2. Nf3 e6 3. c4 b6 4. g3 Bb7 5. Bg2 Be7 6. O-O O-O 7. Nc3 Ne4 8. Nxe4
Bxe4 9. Bd2 c5 10. Bc3 Bf6 11. Qd2 d6 12. Rfd1 cxd4 13. Nxd4 Bxg2 14. Kxg2 Qc7
15. b3 a6 16. Rac1 Rd8 17. f3 Nd7 18. e4 Be7 19. Bb2 Qb7 20. Qe2 Rab8 21. Rc2
Rdc8 22. Rdc1 g6 23. Qe3 Ne5 24. Ne2 f6 25. Nd4 Qd7 1/2-1/2

[Event "IV Festival A"]
[Site "Ischia ITA"]
[Date "1997.07.??"]
[Round "?"]
[White "Calandri, Fausto"]
[Black "Buiano, Fabio"]
[Result "0-1"]
[WhiteElo "2105"]
[BlackElo "1983"]
[PlyCount "36"]
[EventDate "1997.07.10"]

1. e4 c5 2. Nc3 Nc6 3. g3 g6 4. Bg2 Bg7 5. d3 d6 6. f4 e6 7. Nf3 Nge7 8. O-O
O-O 9. Be3 Nd4 10. Bf2 Rb8 11. Qd2 Qa5 12. a3 Nec6 13. Rfb1 Qc7 14. Nxd4 Nxd4
15. Ne2 b5 16. Nc1 Nc6 17. c3 Bb7 18. Ne2 18... Ne7 {...} 0-1